000 01088nam a2200325Ia 4500
003 OSt
005 20221007121147.0
006 a|||||r|||| 00| 0
007 ta
008 221006b |||||||| |||| 00| 0 eng d
020 _a9780813814179 (hbk)
024 _a162354
037 _b161, 09/11/2011, N R Book Distributors
_cTextual
040 _aBDL
_cBDL
_beng
041 _2eng
_aeng
082 _aJ:570aU287, Q1 Carb
100 _aZiska Lewis, H
_9710853
245 0 _aWeed biology and climate change
_b Dukes Jeffrey, S
260 _aUSA
_bWiley- Blackwell
_c2011
300 _aix;235p.
_ccm.
500 _aInclude bibliographical references; Appendix 219-226p; Index 227-235p
650 _a Climate change
650 _a Weed biology
_9710854
650 _a Weed climate change
_9710855
650 _a Weed control
_9710856
650 _aBotany
700 _a Dukes Jeffrey, S
_9710857
942 _hJ:570aU287, Q1 Carb
_cTEXL
_2CC
999 _c1208506
_d1208506